| 000 | 01640nam a2200265Ia 4500 | ||
|---|---|---|---|
| 999 |
_c51719 _d51719 |
||
| 001 | 18710 | ||
| 003 | GE_BSU | ||
| 005 | 20220920162722.0 | ||
| 008 | 181216s2008||||ge |||||||||||||| ||geo|| | ||
| 040 | _cGE_BSU | ||
| 041 | _ageo | ||
| 080 | _a59 ჟ-99 | ||
| 100 |
_aჟღენტი, ლალი _910538 |
||
| 245 |
_aაჭარის თავისუფლადმცხოვრები ნემატოდები და რგოლოვანი ჭიები : დისერტაცია / _cლალი ჟღენტი; სამეცნიერო ხელმძღვანელი ი. ელიავა. ე. ყვავაძე; ბათუმის შოთა რუსთაველის სახელმწიფო უნივერსიტეტი. |
||
| 264 |
_aბათუმი, _b _c2008. |
||
| 300 |
_a132 გვ. ; _b30 სმ. |
||
| 653 | _aაჭარის თავისუფლადმცხოვრები ნემატოდები და რგოლოვანი ჭიები. | ||
| 653 | _aდისერტაცია | ||
| 653 | _aზოოლოგია | ||
| 653 | _aაჭარის ნემატოფაუნა | ||
| 700 |
_aელიავა, ი. _eსამეცნიერო ხელმძღვანელი _92643 |
||
| 700 |
_aყვავაძე, ე. _eსამეცნიერო ხელმძღვანელი _910539 |
||
| 710 |
_aბათუმის შოთა რუსთაველის სახელმწიფო უნივერსიტეტი _910540 |
||
| 942 |
_cBK _2udc |
||